00320 2200133 4500001002100000005001500021035002000036245004500056300000700101260003200108082000800140084001200148990002600160INLIS00000000000217920250527123749 a0010-0525000471 aHorison majalah sastra /cMahmud darwish a28 ajakarta :bDepdiknas,c2009 a800 a800 HOR a07.13295 s/d 07.13298